000 00832cab a2200229 4500
001 WB3116-52
008 090401t1995 xxu||||| |||| 00| 0 eng d
035 _a(Sirsi) u57584
041 _aeng
245 _aBuilders struggle to keep down prices
260 _c1995
350 _a0
490 _aHousing
_v19 April 1995, Homes1&2(2)
520 _aCompetition among Scotland`s house builders is ensuring that selling prices are pared to the bone, while at the same time customers are demanding a higher quality product according to research by Glasgow University`s Centre for Housing Research and Urban Studies.
650 _aCENTRE FOR HOUSING RESEARCH AND URBAN STUDIES
650 _aGLASGOW UNIVERSITY
650 _aHOUSE PRICES
650 _aHOUSE BUILDERS
690 _aHOUSING
942 _n0
948 _c04/03/1997
999 _c35130
_d35130